000 00549nam a22001937a 4500
003 koha_MIRAKIL
005 20231213095403.0
008 231213b |||||||| |||| 00| 0 ||| d
020 _b978-9-94488351-1
040 _aTR-IsEVY
_btur
_cTR-IsEVY
082 _a823 WİL/M
100 _aWilde, Oscar.
245 0 _aMutlu prens
260 _bTürkiye İş Bankası Kültür Yayınları,
_c2009
300 _a68 s.
650 _aChildren's literature -- Short stories, Irish.
650 _aÇocuk edebiyatı -- Hikaye, İrlanda.
942 _2ddc
_cBK
999 _c2777
_d2777